Family Guy 3 - Statistics

General Stats
  • This quiz has been taken 1,803 times
    1,624 since last reset
  • The average score is 3 of 8
Answer Stats
Hint Answer % Correct
What color gloves does Lois use when she boxes? Red
92%
What is Neil Goldman's fathers name? Mort Goldman
83%
What does Peter name his new country? Petoria
71%
After Meg and Neil kiss, what is their new name combined, according to Neil? Meil
54%
What was Peter going to name his new land but a gay bar already had that name? Peterland
29%
Who does Peter have to accompany with him to pay off the mob? Big Fat Paulie
7%
What does Peter ride over on his lawn mower that gets stuck in Quagmire's head? Brian's bone
4%
What does Brian notice in Peter's "new" red bull drink that he flips out about? Karosine
4%
No matching quizzes found
Score Distribution
Percent of People with Each Score
Percentile by Number Answered
Your Score History
You have not taken this quiz since the last reset